000 00388nam a2200169Ia 4500
008 260330s2001 xx 000 0 und d
020 _a978071267609-0
041 _aeng
082 _bCOJ
100 _aCOLLINS,JIM
245 _aGOOD TO GREAT
260 _bPENGUIN BOOKS LTD. PUNE
_c2001
300 _aXII/300pg
_bPB
365 _cRs.
650 _aGenral
700 _aCOLLINS,JIM
999 _c1218366
_d1218366